000 00914cam a2200277 a 4500
001 15378620
005 20180213033044.0
008 080723s2010 maua b 000 0 eng
010 _a 2008933819
020 _a9780312489069 (v. 1 pbk.)
020 _a0312489064 (v. 1 pbk.)
020 _a9780312489076 (v. 2 pbk.)
020 _a0312489072 (v. 2 pbk.)
040 _aDLC
_cDLC
_dDLC
041 _aeng
043 _an-us---
080 _a973
082 0 0 _a973 MAR
_222
100 _a16
101 _aHIS
245 0 0 _aAmerica firsthand /
_c[compiled by] Robert D. Marcus, David Burner, Anthony Marcus.
504 _aIncludes bibliographical references.
906 _a7
_bcbc
_corignew
_d2
_eepcn
_f20
_gy-gencatlg
942 _2ddc
_cBK
999 _c42332
_d42332